=LDR 00000nam 2200000 4500 =001 INLIS000000000012741 =005 20130612104231 =008 ***********************************Ind** =035 ##$$0010-061300000012741 =041 ##$$a Ind =082 ##$$a 614.4 =090 ##$$a 614.4, Fles s =100 ##$$a Fletcher, Robul H =245 ##$$a Seriepidermisologi Klinik, Rabul H. Flitcher ; Penerjemah, Tony Sajunan =260 ##$$a 1992 $b Yogyakarta =650 ##$$a Epidemiologi Klinik =700 ##$$a Sajunan, Tonny =850 ##$$a NBPNMAT